[Event "Online Olym Top DivC 2021"]
[Site "chess.com INT"]
[Date "2021.09.09"]
[Round "3.3"]
[Board "5"]
[White "Henderson de La Fuente, Lance"]
[Black "Melian, Juan Sebastian"]
[Result "1/2-1/2"]
[WhiteTitle "GM"]
[BlackTitle "CM"]
[WhiteElo "2491"]
[BlackElo "1978"]
[WhiteTeam "Spain"]
[BlackTeam "Paraguay"]
[WhiteFideId "32096585"]
[BlackFideId "3706575"]
[EventDate "2021.09.09"]
[EventType "team"]

1. e4 e5 2. Nf3 Nc6 3. Bb5 d6 4. O-O Nf6 5. Re1 Be7 6. c3 O-O 7. h3 a6 8. Bxc6
bxc6 9. d4 exd4 10. cxd4 Re8 11. Nc3 h6 12. Bf4 Bf8 13. Rc1 Bd7 14. e5 Nd5 15.
Nxd5 cxd5 16. Qc2 Ra7 17. Qb3 Be6 18. exd6 cxd6 19. Rc3 Qa8 20. Rec1 Rb7 21. Qa3
Rb6 22. b3 Reb8 23. Rc7 a5 24. Qa4 Rb4 25. Qc6 a4 26. Bd2 R4b6 27. Qxa8 Rxa8 28.
b4 a3 29. g4 g5 30. R1c6 1/2-1/2

[Event "Online Olym Top DivC 2021"]
[Site "chess.com INT"]
[Date "2021.09.09"]
[Round "3.3"]
[Board "6"]
[White "Oviedo Acosta, Paula"]
[Black "Represa Perez, Mireya"]
[Result "0-1"]
[BlackTitle "WFM"]
[WhiteElo "1637"]
[BlackElo "2151"]
[WhiteTeam "Paraguay"]
[BlackTeam "Spain"]
[WhiteFideId "3704394"]
[BlackFideId "32010036"]
[EventDate "2021.09.09"]
[EventType "team"]

1. e4 c5 2. Nf3 d6 3. d4 cxd4 4. Nxd4 Nf6 5. Nc3 a6 6. f3 e5 7. Nb3 Be7 8. Be3
Be6 9. Be2 O-O 10. O-O Nbd7 11. Qd2 Nb6 12. Nd1 Rc8 13. Na5 d5 14. exd5 Nbxd5
15. Nc4 b5 16. Nxe5 Nxe3 17. Qxd8 Rfxd8 18. Nxe3 Bc5 19. Kf2 Nd5 20. Nd3 Bxe3+
21. Kg3 Ne7 22. h3 Rxc2 23. Rfe1 Nf5+ 24. Kh2 Bc4 25. Rad1 Bd2 26. Ne5 Bxe2 27.
Rxd2 Rcxd2 28. g4 Bxf3+ 29. Kg1 Rg2+ 0-1

[Event "Online Olym Top DivC 2021"]
[Site "chess.com INT"]
[Date "2021.09.09"]
[Round "3.4"]
[Board "1"]
[White "Grischuk, Alexander"]
[Black "Navara, David"]
[Result "0-1"]
[WhiteTitle "GM"]
[BlackTitle "GM"]
[WhiteElo "2775"]
[BlackElo "2676"]
[WhiteTeam "Russia"]
[BlackTeam "Czech Republic"]
[WhiteFideId "4126025"]
[BlackFideId "309095"]
[EventDate "2021.09.09"]
[EventType "team"]

1. e4 c5 2. Nf3 d6 3. d4 cxd4 4. Nxd4 Nf6 5. Nc3 a6 6. f3 e5 7. Nb3 Be6 8. Be3
Be7 9. Qd2 O-O 10. O-O-O Nbd7 11. g4 b5 12. g5 Nh5 13. Kb1 Nb6 14. Na5 Rc8 15.
Nd5 Nxd5 16. exd5 Bxd5 17. Qxd5 Qxa5 18. c4 Nf4 19. Bxf4 exf4 20. h4 Rc5 21. Qe4
Qc7 22. Bd3 g6 23. cxb5 axb5 24. Rhe1 Re8 25. Qxf4 Rc8 26. Qd2 d5 27. f4 Bd6 28.
Rf1 b4 29. h5 Qa7 30. hxg6 hxg6 31. b3 Ra5 32. Rc1 Rxc1+ 33. Rxc1 Qd4 34. Qe2
Bxf4 35. Bxg6 Kg7 36. Qh5 fxg6 37. Qh6+ Kf7 38. Qh7+ Qg7 0-1

[Event "Online Olym Top DivC 2021"]
[Site "chess.com INT"]
[Date "2021.09.09"]
[Round "3.4"]
[Board "2"]
[White "Mica, Marek"]
[Black "Fedoseev, Vladimir3"]
[Result "0-1"]
[WhiteTitle "FM"]
[BlackTitle "GM"]
[WhiteElo "2304"]
[BlackElo "2708"]
[WhiteTeam "Czech Republic"]
[BlackTeam "Russia"]
[WhiteFideId "382884"]
[BlackFideId "24130737"]
[EventDate "2021.09.09"]
[EventType "team"]

1. d4 d5 2. c4 c6 3. Nf3 Nf6 4. Nc3 dxc4 5. a4 Bf5 6. e3 e6 7. Bxc4 Bb4 8. O-O
O-O 9. Qe2 Bg6 10. Bd2 Nbd7 11. Rfd1 Qe7 12. Rac1 Rfd8 13. Be1 Rac8 14. h3 h6
15. Nd2 e5 16. Nb3 Bh5 17. g4 Bg6 18. d5 e4 19. dxc6 bxc6 20. Ba6 Rb8 21. Nd4
Ne5 22. Kg2 c5 23. Nf5 Bxf5 24. Rxd8+ Rxd8 25. gxf5 Nf3 26. Nxe4 Nxe1+ 27. Rxe1
Qxe4+ 28. f3 Qe5 29. Rd1 Rxd1 30. Qxd1 Nd5 31. e4 Ne3+ 0-1

[Event "Online Olym Top DivC 2021"]
[Site "chess.com INT"]
[Date "2021.09.09"]
[Round "3.4"]
[Board "3"]
[White "Lagno, Kateryna"]
[Black "Zelbova, Lada"]
[Result "1-0"]
[WhiteTitle "GM"]
[WhiteElo "2550"]
[BlackElo "1928"]
[WhiteTeam "Russia"]
[BlackTeam "Czech Republic"]
[WhiteFideId "14109336"]
[BlackFideId "23717882"]
[EventDate "2021.09.09"]
[EventType "team"]

1. e4 c5 2. Nf3 d6 3. Bb5+ Nd7 4. Ba4 Nf6 5. O-O a6 6. c4 Nxe4 7. Re1 Nf6 8. d4
e6 9. d5 Be7 10. dxe6 fxe6 11. Ng5 O-O 12. Nxe6 Qa5 13. Nxf8 Bxf8 14. Nc3 Ne5
15. Bg5 Kh8 16. Bc2 Be7 17. Bxf6 Bxf6 18. Qxd6 1-0

[Event "Online Olym Top DivC 2021"]
[Site "chess.com INT"]
[Date "2021.09.09"]
[Round "3.4"]
[Board "4"]
[White "Lhotska, Anna"]
[Black "Gunina, Valentina"]
[Result "0-1"]
[BlackTitle "GM"]
[WhiteElo "1988"]
[BlackElo "2446"]
[WhiteTeam "Czech Republic"]
[BlackTeam "Russia"]
[WhiteFideId "376183"]
[BlackFideId "4167570"]
[EventDate "2021.09.09"]
[EventType "team"]

1. e4 c6 2. d4 d5 3. exd5 cxd5 4. c4 Nf6 5. Nc3 Nc6 6. Bg5 e6 7. Nf3 Be7 8. c5
Ne4 9. Bxe7 Nxe7 10. Bd3 Nxc3 11. bxc3 b6 12. cxb6 Qxb6 13. O-O Qc7 14. Ne5 O-O
15. Rc1 f6 16. Nf3 Bd7 17. Re1 Qd6 18. Qc2 g6 19. Qe2 Rac8 20. c4 dxc4 21. Bxc4
Nd5 22. Nd2 Nb6 23. Ne4 Qxd4 24. Red1 Qe5 25. Qd3 Nxc4 26. Qxd7 Qxe4 27. Rd4 Ne3
28. Rxe4 Rxc1+ 29. Qd1 Rxd1# 0-1

[Event "Online Olym Top DivC 2021"]
[Site "chess.com INT"]
[Date "2021.09.09"]
[Round "3.4"]
[Board "5"]
[White "Esipenko, Andrey"]
[Black "Finek, Vaclav"]
[Result "1-0"]
[WhiteTitle "GM"]
[BlackTitle "FM"]
[WhiteElo "2720"]
[BlackElo "2408"]
[WhiteTeam "Russia"]
[BlackTeam "Czech Republic"]
[WhiteFideId "24175439"]
[BlackFideId "23718293"]
[EventDate "2021.09.09"]
[EventType "team"]

1. e4 e5 2. Nf3 Nf6 3. Nxe5 d6 4. Nf3 Nxe4 5. d4 d5 6. Bd3 Bd6 7. O-O O-O 8. c4
c6 9. Nc3 Nxc3 10. bxc3 Bg4 11. Rb1 dxc4 12. Bxc4 Nd7 13. Bd3 b6 14. Re1 h6 15.
h3 Be6 16. c4 Qc7 17. Be3 Rad8 18. Qd2 Rfe8 19. Rbc1 Nf8 20. d5 Bd7 21. Nd4 c5
22. Nf5 Bxf5 23. Bxf5 Re5 24. Qd3 Rde8 25. Bd2 Rxe1+ 26. Rxe1 Rxe1+ 27. Bxe1 Qe7
28. Bc3 Qg5 29. g3 Qc1+ 30. Kg2 Qa3 31. Qc2 Qa6 32. Qe2 Qa3 33. Qc2 Qa6 34. Bd3
Qb7 35. Qe2 Qe7 36. Qxe7 Bxe7 37. Bf5 Bd6 38. f4 f6 39. h4 h5 40. Bd3 Kf7 41.
Be2 Kg6 42. Bd1 Nd7 43. Ba4 Nf8 44. Be8+ Kh6 45. Kf3 Be7 46. Ke4 Bd6 47. a4 a5
48. Kf5 Be7 49. Ke4 Bd6 50. Bd2 Kh7 51. Bxh5 g6 52. Bf3 f5+ 53. Kd3 Nd7 54. Bc3
Kh6 55. Ke3 Kh7 56. g4 Kh6 57. Bd1 Be7 58. gxf5 gxf5 59. Bc2 Kh5 60. Bxf5 Nf8
61. Be5 Bd8 62. d6 Kxh4 63. Ke4 Kh5 64. Kd5 Ng6 65. Bxg6+ Kxg6 66. Ke6 Bh4 67.
f5+ Kh7 68. f6 1-0

[Event "Online Olym Top DivC 2021"]
[Site "chess.com INT"]
[Date "2021.09.09"]
[Round "3.4"]
[Board "6"]
[White "Trasakova, Adela"]
[Black "Garifullina, Leya"]
[Result "0-1"]
[BlackTitle "WGM"]
[WhiteElo "1923"]
[BlackElo "2409"]
[WhiteTeam "Czech Republic"]
[BlackTeam "Russia"]
[WhiteFideId "398306"]
[BlackFideId "34127035"]
[EventDate "2021.09.09"]
[EventType "team"]

1. d4 Nf6 2. Nf3 e6 3. g3 d5 4. Bg2 Be7 5. O-O O-O 6. c4 Nbd7 7. Qc2 c6 8. Nbd2
b6 9. e4 dxc4 10. Nxc4 Bb7 11. Be3 c5 12. Ncd2 Rc8 13. Qd3 cxd4 14. Qxd4 Nc5 15.
Qxd8 Rfxd8 16. e5 Nd5 17. Bxc5 Rxc5 18. Rac1 Rdc8 19. Nb3 Rc2 20. Rxc2 Rxc2 21.
Rc1 Rxb2 22. Nfd4 g6 23. Nb5 Rxa2 24. Nd6 Ba6 25. Bxd5 exd5 26. Rc7 Bf8 27. Rxa7
Ra3 28. Nd4 Ra1+ 29. Kg2 Bf1+ 0-1

[Event "Online Olym Top DivC 2021"]
[Site "chess.com INT"]
[Date "2021.09.09"]
[Round "3.5"]
[Board "1"]
[White "Shevchenko, Kirill"]
[Black "Donchenko, Alexander"]
[Result "0-1"]
[WhiteTitle "GM"]
[BlackTitle "GM"]
[WhiteElo "2633"]
[BlackElo "2641"]
[WhiteTeam "Ukraine"]
[BlackTeam "Germany"]
[WhiteFideId "14129574"]
[BlackFideId "24603295"]
[EventDate "2021.09.09"]
[EventType "team"]

1. e4 c6 2. d4 d5 3. exd5 cxd5 4. Bd3 Nf6 5. c3 Bg4 6. Qb3 Qd7 7. Bf4 Nc6 8. Nd2
e6 9. Ngf3 Bd6 10. Bxd6 Qxd6 11. O-O O-O 12. Rae1 Bh5 13. Ne5 Rab8 14. Qc2 Rfc8
15. Nb3 Nb4 16. Qd2 Nxd3 17. Qxd3 Nd7 18. Qh3 Bg6 19. Nxg6 hxg6 20. Qh4 Nf6 21.
Nc5 b6 22. Nd3 Ne4 23. f3 Nf6 24. Ne5 Qd8 25. f4 Rc7 26. g4 Ne4 27. g5 Nd6 28.
Qg4 Nf5 29. h4 b5 30. Rf3 b4 31. h5 bxc3 32. bxc3 gxh5 33. Qxh5 g6 34. Qh2 Ng7
35. Ng4 Nh5 36. Rh3 Kg7 37. Ne5 Qd6 38. Rf1 Rh8 39. Ng4 Rhc8 40. Nf6 Nxf6 41.
gxf6+ Kxf6 42. Rh7 Ke7 43. Qh4+ Ke8 44. Qf6 Qe7 45. Qe5 Rxc3 46. Rb1 Rc1+ 47.
Rxc1 Rxc1+ 48. Kg2 Qc7 49. Rh8+ Kd7 50. Qxc7+ Rxc7 51. Kf3 Rc2 52. a4 Rc4 53.
Ke3 Rxa4 54. Rb8 Ke7 55. Rb7+ Kf6 56. Rb3 Ra1 57. Kf3 a5 58. Rb7 Re1 59. Rb5 Re4
60. Rxa5 Rxd4 61. Ra7 Rd3+ 62. Kg4 Re3 63. Rd7 Ra3 64. Rb7 Ra8 65. Rd7 Re8 66.
Kf3 Re7 67. Rd8 g5 68. fxg5+ Kxg5 69. Ke3 Kf5 70. Kd4 Rc7 71. Rh8 Rc4+ 72. Kd3
Ke5 73. Rh5+ f5 74. Rh1 Ra4 75. Re1+ Kf6 76. Rh1 f4 77. Rh5 e5 78. Rh6+ Kg5 79.
Rd6 Ra3+ 80. Ke2 d4 81. Rd8 Kf5 82. Rb8 Ke4 83. Kf2 Ra2+ 84. Kg1 Ke3 85. Rb2
Rxb2 0-1

[Event "Online Olym Top DivC 2021"]
[Site "chess.com INT"]
[Date "2021.09.09"]
[Round "3.5"]
[Board "2"]
[White "Svane, Rasmus"]
[Black "Korobov, Anton"]
[Result "0-1"]
[WhiteTitle "GM"]
[BlackTitle "GM"]
[WhiteElo "2623"]
[BlackElo "2685"]
[WhiteTeam "Germany"]
[BlackTeam "Ukraine"]
[WhiteFideId "4657101"]
[BlackFideId "14105730"]
[EventDate "2021.09.09"]
[EventType "team"]

1. Nf3 d5 2. g3 c6 3. Bg2 Bg4 4. h3 Bh5 5. O-O e6 6. d4 Nf6 7. c4 Be7 8. Ne5 O-O
9. Nc3 Nfd7 10. Nd3 dxc4 11. Nf4 Bg6 12. h4 e5 13. dxe5 Nxe5 14. Bh3 Qxd1 15.
Rxd1 h5 16. Be3 Na6 17. Bd4 Ng4 18. f3 c5 19. Ncd5 Bd6 20. Bc3 Ne5 21. Nf6+ gxf6
22. Rxd6 Kg7 23. Nd5 Rad8 24. Rxd8 Rxd8 25. Nxf6 Kxf6 26. f4 Ke7 27. Bxe5 Be4
28. Kf2 f5 29. a3 Nb8 30. Bxb8 Rxb8 31. a4 Kd6 32. Bf1 Kc6 33. Ke1 Rg8 34. Ra3
a6 35. a5 Kb5 36. Kf2 Kb4 37. Ke1 Rd8 38. e3 Bf3 39. Rc3 Rd1+ 40. Kf2 Bd5 41.
Ke2 Rb1 42. Rc2 Be4 0-1

[Event "Online Olym Top DivC 2021"]
[Site "chess.com INT"]
[Date "2021.09.09"]
[Round "3.5"]
[Board "3"]
[White "Osmak, Iulija"]
[Black "Paehtz, Elisabeth"]
[Result "1/2-1/2"]
[WhiteTitle "IM"]
[BlackTitle "IM"]
[WhiteElo "2428"]
[BlackElo "2465"]
[WhiteTeam "Ukraine"]
[BlackTeam "Germany"]
[WhiteFideId "14101602"]
[BlackFideId "4641833"]
[EventDate "2021.09.09"]
[EventType "team"]

1. Nf3 Nf6 2. c4 g6 3. d4 Bg7 4. Nc3 O-O 5. g3 d6 6. Bg2 Nc6 7. O-O a6 8. b3 Rb8
9. d5 Na5 10. Bg5 h6 11. Bd2 c5 12. dxc6 Nxc6 13. Rc1 Bd7 14. Nd5 Ne4 15. Be3
Be6 16. Bb6 Qd7 17. Nd2 Nf6 18. e4 Bh3 19. Re1 Ne5 20. Qe2 Nc6 21. Bh1 e5 22.
Bg2 Bg4 23. f3 Be6 24. Nf1 Qc8 25. Qd2 Nd7 26. Be3 Kh7 27. Nb6 Nxb6 28. Bxb6 Nd4
29. Ne3 Qc6 30. Bxd4 exd4 31. Nd5 Qd7 32. f4 b5 33. cxb5 Bxd5 34. exd5 axb5 35.
Qb4 Rfe8 36. Rc6 Rxe1+ 37. Qxe1 Re8 38. Qb4 Qe7 39. Qd2 Qf6 40. Bf1 Re3 41. Bxb5
h5 42. Qf2 h4 43. Rc1 Qf5 44. Bc4 hxg3 45. hxg3 Qe4 46. Qg2 Re1+ 47. Rxe1 Qxe1+
48. Kh2 Bf6 49. Qe2 Qc3 50. a4 Kg7 51. Kg2 Bd8 52. Qd3 Qb2+ 53. Kf3 Bb6 54. g4
Qh2 55. g5 Qh3+ 56. Ke2 Qh2+ 57. Kf3 Qh3+ 58. Ke2 Qh2+ 59. Kf3 1/2-1/2

[Event "Online Olym Top DivC 2021"]
[Site "chess.com INT"]
[Date "2021.09.09"]
[Round "3.5"]
[Board "4"]
[White "Papp, Sarah"]
[Black "Buksa, Nataliya"]
[Result "0-1"]
[WhiteTitle "WGM"]
[BlackTitle "IM"]
[WhiteElo "2315"]
[BlackElo "2417"]
[WhiteTeam "Germany"]
[BlackTeam "Ukraine"]
[WhiteFideId "24606812"]
[BlackFideId "14123622"]
[EventDate "2021.09.09"]
[EventType "team"]

1. e4 c5 2. d3 d6 3. g3 h5 4. h3 Nc6 5. Bg2 e5 6. Nc3 Be6 7. Nd5 Nge7 8. Ne2 Ng6
9. Be3 Be7 10. Qd2 Nd4 11. O-O-O h4 12. Nec3 a6 13. g4 b5 14. Nxe7 Qxe7 15. f4
Nxf4 16. Bxf4 exf4 17. Nd5 Bxd5 18. exd5 O-O 19. Be4 b4 20. g5 Qxg5 21. Rhg1 Qh6
22. Rdf1 Rae8 23. c3 bxc3 24. bxc3 f5 25. Bf3 Nxf3 26. Rxf3 Re3 27. Rf2 Rfe8 28.
Kc2 f3 29. Kb3 Qf6 30. Rgf1 Qe5 31. Rxf3 Rxf3 0-1

[Event "Online Olym Top DivC 2021"]
[Site "chess.com INT"]
[Date "2021.09.09"]
[Round "3.5"]
[Board "5"]
[White "Roshka, Yevgeniy"]
[Black "Svane, Frederik"]
[Result "1-0"]
[WhiteTitle "IM"]
[BlackTitle "FM"]
[WhiteElo "2479"]
[BlackElo "2470"]
[WhiteTeam "Ukraine"]
[BlackTeam "Germany"]
[WhiteFideId "14129558"]
[BlackFideId "12923044"]
[EventDate "2021.09.09"]
[EventType "team"]

1. e4 c5 2. Nf3 Nc6 3. g3 g6 4. Bg2 Bg7 5. O-O e5 6. d3 Nge7 7. c3 O-O 8. a3 d5
9. Nbd2 d4 10. cxd4 cxd4 11. b4 h6 12. b5 Na5 13. a4 Be6 14. Ba3 Re8 15. Rc1 a6
16. Rc5 b6 17. Rxe5 Bxe5 18. Nxe5 axb5 19. axb5 Qc7 20. f4 Qc3 21. Bxe7 Rxe7 22.
f5 Bb3 23. Nxb3 Qxb3 24. Nc6 Rc7 25. Qg4 Nxc6 26. bxc6 g5 27. Qh5 Kh7 28. e5
Qxd3 29. e6 Qe3+ 30. Kh1 Qe5 31. exf7 Qf6 32. Qg6+ Qxg6 33. fxg6+ Kg7 34. Be4
Rd8 35. Rd1 d3 36. Kg2 d2 37. Kf3 b5 38. h4 gxh4 39. gxh4 h5 40. Ke3 Re7 41. Kf3
Rc7 42. Ke3 Re7 43. Kf3 Rd6 44. Bf5 Rf6 45. Kf4 Rc7 46. Rxd2 Rcxc6 47. Rd8 Rxf5+
48. Kxf5 Rf6+ 49. Ke5 Rf1 50. Rg8+ Kh6 51. f8=Q+ 1-0

[Event "Online Olym Top DivC 2021"]
[Site "chess.com INT"]
[Date "2021.09.09"]
[Round "3.5"]
[Board "6"]
[White "Muetsch, Annmarie"]
[Black "Berdnyk, Mariia"]
[Result "0-1"]
[WhiteTitle "WIM"]
[BlackTitle "FM"]
[WhiteElo "2259"]
[BlackElo "2308"]
[WhiteTeam "Germany"]
[BlackTeam "Ukraine"]
[WhiteFideId "12971367"]
[BlackFideId "14137054"]
[EventDate "2021.09.09"]
[EventType "team"]

1. e4 c5 2. Nf3 d6 3. d4 cxd4 4. Qxd4 Nc6 5. Qe3 Nf6 6. Be2 g6 7. h3 Bg7 8. O-O
O-O 9. Rd1 Bd7 10. Nc3 Nb4 11. Ne1 a5 12. a3 Na6 13. e5 dxe5 14. Nf3 Qc7 15.
Nxe5 Bf5 16. Bd3 Bxd3 17. Nxd3 Rfd8 18. Qf3 Qc6 19. Qe2 Nc7 20. Bf4 Ncd5 21. Be5
Rac8 22. Nxd5 Rxd5 23. c4 Rd7 24. b3 Rcd8 25. Bb2 Qe4 26. Qxe4 Nxe4 27. Bxg7
Kxg7 28. Nb2 Rxd1+ 29. Rxd1 Rxd1+ 30. Nxd1 Nd2 31. b4 axb4 32. axb4 Nxc4 33. Kf1
Kf6 34. Ke2 Ke5 35. Kd3 Nd6 36. Nc3 f5 37. f3 Kf4 38. Ke2 Ke5 39. Kd3 g5 40. g3
e6 41. Na4 b5 42. Nc5 Kd5 43. Nd7 Ne8 44. f4 gxf4 45. gxf4 Kd6 46. Ne5 Nf6 47.
Nf7+ Kd5 48. h4 h5 49. Ne5 Kd6 50. Nf3 Nd5 51. Nd4 Nxb4+ 52. Ke2 Nd5 53. Nxb5+
Kc5 54. Na3 Nxf4+ 55. Kf3 Ng6 56. Kg3 f4+ 57. Kf3 Kd5 58. Nb1 Ke5 59. Nd2 Nxh4+
60. Kf2 Kf5 0-1

[Event "Online Olym Top DivC 2021"]
[Site "chess.com INT"]
[Date "2021.09.10"]
[Round "4.1"]
[Board "1"]
[White "Mustaps, Matiss"]
[Black "Svane, Rasmus"]
[Result "1/2-1/2"]
[WhiteTitle "FM"]
[BlackTitle "GM"]
[WhiteElo "2356"]
[BlackElo "2623"]
[WhiteTeam "Latvia"]
[BlackTeam "Germany"]
[WhiteFideId "11602295"]
[BlackFideId "4657101"]
[EventDate "2021.09.09"]
[EventType "team"]

1. e4 c6 2. d4 d5 3. Nc3 dxe4 4. Nxe4 Nf6 5. Nxf6+ exf6 6. c3 Bd6 7. Bd3 O-O 8.
Qc2 Re8+ 9. Ne2 h5 10. O-O h4 11. h3 Nd7 12. Bf4 Nf8 13. Bxd6 Qxd6 14. Rfe1 Be6
15. Qd2 Ng6 16. Bxg6 fxg6 17. Qf4 Qxf4 18. Nxf4 Bf5 19. Re3 g5 20. Ne2 g4 21.
hxg4 Bxg4 22. Re1 Rxe3 23. fxe3 Re8 24. Kf2 g5 25. c4 Kf7 26. Nc3 Be6 27. d5
cxd5 28. cxd5 Bd7 29. e4 b5 30. a3 a5 31. Re3 g4 32. Ne2 Rh8 33. Nf4 Rc8 34. Re2
Re8 35. Nd3 Ke7 36. Ke3 h3 37. gxh3 gxh3 38. Kd4 Rh8 39. Rh2 Rh4 40. Ke3 Kd6 41.
b4 a4 42. Nf4 Rh8 43. Kd4 Rh6 44. Ke3 Bg4 45. Kd4 Bc8 46. Ke3 Bd7 47. Kd4 Bg4
48. Ke3 f5 49. Rc2 Kd7 50. e5 h2 51. e6+ Ke7 52. Ng6+ Rxg6 53. Rxh2 Kd6 54. Kd4
Rg7 55. Rc2 Rc7 56. Rxc7 Kxc7 57. Ke5 Kd8 58. d6 f4 59. e7+ Kd7 60. Kxf4 Be6 61.
Ke5 Bf7 62. Kf6 Be8 63. Ke5 Kc6 64. Ke6 Bd7+ 65. Ke5 Kb7 66. Kd5 Kb6 67. Kd4 Be8
68. Ke5 Kc6 69. Ke6 Bh5 70. Ke5 Kd7 71. Kd5 Bf7+ 72. Kc5 Bc4 73. Kd4 Be2 74. Kc5
Bd3 75. Kb6 Be2 76. Kc5 Bd3 77. Kb6 Bc4 78. Kc5 Be2 79. Kb6 Bc4 80. Kc5 Be2 81.
Kb6 Bc4 1/2-1/2

[Event "Online Olym Top DivC 2021"]
[Site "chess.com INT"]
[Date "2021.09.10"]
[Round "4.1"]
[Board "2"]
[White "Fridman, Daniel"]
[Black "Lavendelis, Egons"]
[Result "1-0"]
[WhiteTitle "GM"]
[BlackTitle "FM"]
[WhiteElo "2619"]
[BlackElo "2304"]
[WhiteTeam "Germany"]
[BlackTeam "Latvia"]
[WhiteFideId "11600454"]
[BlackFideId "11601647"]
[EventDate "2021.09.09"]
[EventType "team"]

1. Nf3 Nf6 2. c4 g6 3. Nc3 d5 4. cxd5 Nxd5 5. Qa4+ c6 6. Qd4 Nf6 7. Qxd8+ Kxd8
8. e4 Bg7 9. Bc4 e6 10. d4 Nbd7 11. Bf4 Ke7 12. O-O-O Nb6 13. Bb3 h6 14. h3 Re8
15. a4 Bd7 16. Ne5 Rad8 17. a5 Na8 18. Nc4 Bc8 19. Bb8 b5 20. Ne5 Bd7 21. Bxa7
Kf8 22. Rhe1 Nc7 23. Bb6 Rc8 24. f4 Na6 25. g4 Re7 26. Nd3 Kg8 27. Nc5 Ra8 28.
Nxa6 Rxa6 29. Na2 Ra8 30. Nb4 Ree8 31. Nd3 Bc8 32. Ne5 Bb7 33. f5 g5 34. fxe6
fxe6 35. Nd3 Bc8 36. Nc5 Bf8 37. Rd3 Kg7 38. Rf3 Bxc5 39. dxc5 Bd7 40. Bc7 Kg6
41. Ref1 Rf8 42. Bd6 1-0

[Event "Online Olym Top DivC 2021"]
[Site "chess.com INT"]
[Date "2021.09.10"]
[Round "4.1"]
[Board "3"]
[White "Rogule, Laura"]
[Black "Papp, Sarah"]
[Result "0-1"]
[WhiteTitle "WGM"]
[BlackTitle "WGM"]
[WhiteElo "2286"]
[BlackElo "2315"]
[WhiteTeam "Latvia"]
[BlackTeam "Germany"]
[WhiteFideId "11601876"]
[BlackFideId "24606812"]
[EventDate "2021.09.09"]
[EventType "team"]

1. d4 Nf6 2. c4 e6 3. g3 d5 4. Nf3 dxc4 5. Qa4+ Bd7 6. Qxc4 Bc6 7. Bg2 Nbd7 8.
O-O Bd5 9. Qc2 Be4 10. Qd1 c5 11. Nc3 Bc6 12. a3 cxd4 13. Qxd4 Bc5 14. Qd3 a5
15. e4 e5 16. Be3 Qe7 17. b4 Bxe3 18. fxe3 b6 19. Nh4 g6 20. Nd5 Bxd5 21. exd5
e4 22. Qb5 O-O 23. d6 Qe6 24. Rad1 axb4 25. axb4 Ra2 26. Qg5 Kh8 27. Rf2 Rfa8
28. Rxa2 Rxa2 29. Rc1 Kg7 30. Rd1 h6 31. Qb5 Qg4 32. Re1 Rd2 33. Qc6 Qe6 34. Qc3
Rxd6 35. Rf1 Rd3 36. Qb2 Ne5 37. h3 Rxe3 38. g4 Rb3 39. Qe2 Nf3+ 40. Nxf3 exf3
41. Qxe6 fxe6 42. Bxf3 Rxb4 43. Rc1 Nd5 44. Rc6 Kf7 45. h4 Rb2 46. g5 hxg5 47.
hxg5 b5 48. Bg4 Nf4 49. Rc7+ Ke8 50. Bf3 b4 51. Rc4 Nd5 52. Bxd5 exd5 53. Rd4 b3
54. Rxd5 Rc2 55. Rb5 b2 56. Rb8+ Kf7 57. Rb7+ Ke6 58. Rb6+ Kf5 59. Rb5+ Kg4 60.
Rb4+ Kh5 0-1

[Event "Online Olym Top DivC 2021"]
[Site "chess.com INT"]
[Date "2021.09.10"]
[Round "4.1"]
[Board "4"]
[White "Heinemann, Josefine"]
[Black "Vidruska, Renate"]
[Result "0-1"]
[WhiteTitle "WGM"]
[BlackTitle "WFM"]
[WhiteElo "2292"]
[BlackElo "2000"]
[WhiteTeam "Germany"]
[BlackTeam "Latvia"]
[WhiteFideId "12900460"]
[BlackFideId "11601841"]
[EventDate "2021.09.09"]
[EventType "team"]

1. e4 e5 2. Nf3 Nc6 3. Bb5 a6 4. Ba4 Nf6 5. O-O Be7 6. Re1 b5 7. Bb3 O-O 8. a4
Bb7 9. d3 d6 10. c3 Na5 11. Ba2 c5 12. Nbd2 Rb8 13. Nf1 b4 14. Ne3 b3 15. Bb1
Bc8 16. Nc4 Be6 17. Nxa5 Qxa5 18. h3 h6 19. Qe2 Rfd8 20. d4 cxd4 21. cxd4 Rdc8
22. Bd2 Qb6 23. d5 Bd7 24. Bd3 a5 25. Red1 Be8 26. Bc3 Nd7 27. Bb5 Nc5 28. Bxe8
Rxe8 29. Nd2 Rec8 30. Re1 Nb7 31. Nc4 Qa6 32. Nxa5 Qxe2 33. Rxe2 Rxc3 34. Nc6
Rxc6 35. dxc6 Na5 36. c7 Rc8 37. Rc1 Kf8 38. g3 Ke8 39. f4 f6 40. Rd2 Kd7 41.
Rd5 Nb7 42. a5 Rxc7 43. Rxc7+ Kxc7 44. Kf2 Nc5 45. Kf3 Kc6 46. h4 Bd8 47. a6
Nxa6 48. Rd1 Nc5 49. Ra1 Kb7 50. f5 h5 51. Rd1 Bc7 52. Ke3 Kc6 53. g4 hxg4 54.
Rg1 Bb6 55. Rxg4 Na4+ 56. Kd2 Nxb2 57. Kc3 Na4+ 58. Kxb3 Nc5+ 59. Kc4 Ba5 60. h5
Bd2 61. Rxg7 Nxe4 62. Kd3 d5 63. Rg6 Bf4 64. h6 Bxh6 65. Rxh6 Kc5 66. Rg6 Kd6
67. Rg7 Nc5+ 68. Ke3 d4+ 69. Kf3 e4+ 70. Kf4 e3 71. Kf3 Ke5 72. Ra7 Nb3 73. Rb7
Nd2+ 74. Ke2 Kxf5 75. Rd7 Ke4 76. Re7+ Kf4 77. Rd7 Nb3 78. Rb7 Nc5 79. Rc7 d3+
80. Ke1 Ne4 81. Rc4 Kf3 82. Rd4 d2+ 83. Kd1 e2+ 0-1

[Event "Online Olym Top DivC 2021"]
[Site "chess.com INT"]
[Date "2021.09.10"]
[Round "4.1"]
[Board "5"]
[White "Golubovskis, Maksims"]
[Black "Keymer, Vincent"]
[Result "1/2-1/2"]
[WhiteTitle "FM"]
[BlackTitle "GM"]
[WhiteElo "2210"]
[BlackElo "2607"]
[WhiteTeam "Latvia"]
[BlackTeam "Germany"]
[WhiteFideId "11608528"]
[BlackFideId "12940690"]
[EventDate "2021.09.09"]
[EventType "team"]

1. e4 c6 2. d4 d5 3. Nc3 dxe4 4. Nxe4 Nf6 5. Nxf6+ exf6 6. c3 Bd6 7. Bd3 O-O 8.
Ne2 Re8 9. Qc2 h5 10. O-O h4 11. h3 Nd7 12. Be3 Nf8 13. Rae1 Bd7 14. c4 Rc8 15.
Bd2 Bb8 16. b4 Qc7 17. f4 Re7 18. Nc3 Rxe1 19. Bxe1 Re8 20. Bxh4 Qd6 21. Ne4 Qe7
22. f5 Qxb4 23. Rb1 Qa3 24. Rxb7 Bf4 25. Nc5 Bc8 26. Rb1 Be3+ 27. Bf2 Bf4 28. g3
Bd6 29. Ne4 Bc7 30. Be1 Qe7 31. Bf2 Nh7 32. Re1 Qd8 33. Kg2 Kh8 34. g4 Kg8 35.
Qd2 Ba5 36. Nc3 Rxe1 37. Qxe1 Nf8 38. Qc1 Nd7 39. Ne4 Bc7 40. c5 Ne5 41. Bb1 Nd7
42. Qc4 Nb8 43. Bc2 Ba6 44. Qb4 Be2 45. Bb3 Ba5 46. Qb7 Bc7 47. Nd6 Ba6 48.
Bxf7+ Kf8 49. Qxa7 Qe7 50. Qa8 Bxd6 51. cxd6 Qxd6 52. Bg3 Qxd4 53. Qxb8+ Kxf7
54. Qc7+ Kg8 55. Qxc6 Bc4 56. Qe8+ Kh7 57. Bf2 Bd5+ 58. Kg3 Qc3+ 59. Qe3 Qc7+
60. Qf4 Qc3+ 61. Qe3 Qc7+ 62. Kh4 Bxa2 63. g5 fxg5+ 64. Qxg5 Qc4+ 65. Kg3 Qd3+
66. Kh2 Qf3 67. Qg6+ Kg8 68. Qe8+ Kh7 69. Qg6+ Kg8 70. Qe8+ Kh7 71. Qg6+ 1/2-1/2